Statystyki dla Nazwy Państw Europejskich Zapisane w ich Języku Urzędowym

Kliknij tutaj aby rozwiązać quiz!

Ogólne statystyki

  • Ten quiz został rozwiązany 3 081 razy
    (1 226 od ostatniego zresetowania)
  • Średni wynik to 39 z 47

Statystyki odpowiedzi

Nazwa kraju w jego języku urzędowymNazwa kraju po polsku% Poprawnych
FranceFrancja
100%
DanmarkDania
99%
EspañaHiszpania
99%
DeutschlandNiemcy
99%
United KingdomWielka Brytania
98%
BelgiëBelgia
95%
ÍslandIslandia
95%
LietuvaLitwa
95%
MaltaMalta
95%
PolskaPolska
95%
NederlandHolandia
94%
PortugalPortugalia
94%
Česká RepublikaCzechy
93%
KosovaKosowo
93%
San MarinoSan Marino
93%
LatvijaŁotwa
92%
MoldovaMołdawia
92%
ItaliaWłochy
92%
AndorraAndora
90%
MonacoMonako
89%
NorgeNorwegia
89%
SlovenijaSłowenia
89%
TürkiyeTurcja
89%
ÖsterreichAustria
88%
RomâniaRumunia
88%
SlovenskoSłowacja
88%
УкраїнаUkraina
87%
LiechtensteinLiechtenstein
86%
SchweizSzwajcaria
86%
Città del VaticanoWatykan
86%
LëtzebuergLuksemburg
84%
EestiEstonia
83%
РоссияRosja
81%
HrvatskaChorwacja
80%
SverigeSzwecja
79%
MagyarországWęgry
79%
МакедонијаMacedonia
77%
ҚазақстанKazachstan
76%
Босна и ХерцеговинаBośnia i Hercegowina
72%
ΕλλάδαGrecja
70%
БългарияBułgaria
66%
Белару́сьBiałoruś
60%
SuomiFinlandia
60%
СрбијаSerbia
60%
Црна ГораCzarnogóra
51%
ÉireIrlandia
48%
ShqipëriAlbania
45%

Rozkład punktacji

Percentyl według liczby udzielonych odpowiedzi

Procent ludzi z każdym wynikiem

Twoja historia wyników

Nie rozwiązałeś tego quizu od ostatniego zresetowania